Antiguos cuentos de brujas /

Guardado en:
Autor Principal: Accame, Jorge.
Otros Autores: Falcone, Fernando, ilust.
Formato: Libro
Idioma:Spanish
Publicado: CABA : Edhasa, 2015.
Materias:
Etiquetas: Agregar Etiqueta
Sin Etiquetas, Sea el primero en etiquetar este registro!
LEADER 00689nam a22002055a 4500
001 EHU.bham051126
008 221031s2015####ag############000#0#spa#d
005 20221031075218.0
245 0 0 |a Antiguos cuentos de brujas /  |c recopilación y versiones de Jorge Accame ; ilustraciones de Fernando Falcone. 
260 |a CABA :  |b Edhasa,  |c 2015. 
300 |a 120 p. 
020 |a 9789876283663 
100 1 |a Accame, Jorge. 
700 1 |a Falcone, Fernando, ilust. 
082 9 8 |a A868.5 Ac169 
653 |a Literatura argentina-2000- 
653 |a Miscelánea argentina-2000- 
653 |a Brujas-cuentos de 
653 |a Textos-adaptaciones de 
859 |a AR-BHAM  |b BIB. HUMANIDADES - General  |h A868.5  |i Ac169  |p 529.22